000
00289nam a2200109Ia 4500
008
200302s9999 xx 000 0 und d
100
_a
S. P. Timoshnko & Other
245
_a
Theory of Elasticity 3rd ed.
260
_b
Mcgraw- hill International Book co.,
260
_c
1970
300
_a
567 P.,
999
_c
1389
_d
1389